Miejscowości do których kursuje PKS Słupsk - Statystyki

Ogólne statystyki
  • Ten quiz został rozwiązany 16 razy
  • Średni wynik to 7 z 37
Statystyki odpowiedzi
Hint Odpowiedź % Poprawnych
Ustka
71%
Sławno
57%
Słupsk
50%
(wybrane kursy) Kobylnica
43%
Rowy
43%
Bukówka
29%
(wybrane kursy) Główczyce
29%
Jarosłąwiec
29%
Kluki
29%
Potęgowo
29%
(wybrane kursy) Bruskowo Wielkie
21%
Cecenowo
21%
Dębnica Kaszubska
21%
Łeba
21%
(wakacyjny wariant) Dobra
14%
Gałęzów
14%
Możdzanowo
14%
Staniewice
14%
(wybrane kursy) Strzelinko
14%
(wakacyjny wariant) Warcino
14%
(wybrane kursy) Wicko
14%
Gać
7%
(wybrane kursy) Gałęzinowo
7%
(wybrane kursy) Gogolewko
7%
(wybrane kursy) Gogolewo
7%
Kczewo
7%
Komorczyn
7%
(linia ustecka) Lędowo
7%
(wybrane kursy) Łupawa
7%
Maleniec
7%
(wybrane kursy) Pęplino
7%
(wybrane kursy) Pieńkowo
7%
(wybrane kursy) Pobłocie
7%
(wybrane kursy) Podole Małe
7%
(wybrane kursy) Wargowo
7%
(wybrane kursy) Rogawica
0%
(wybrane kursy) Świecichowo
0%
Nie znaleziono quizów pasujących do podanych kryteriów
Rozkład punktacji
Procent ludzi z każdym wynikiem
Percentyl według liczby udzielonych odpowiedzi
Twoja historia wyników
Nie rozwiązałeś tego quizu